Business data communications : (Record no. 17961)
[ view plain ]
| 000 -LEADER | |
|---|---|
| fixed length control field | 01365pam a2200361 i 4500 |
| 001 - CONTROL NUMBER | |
| control field | 016135221 |
| 003 - CONTROL NUMBER IDENTIFIER | |
| control field | OSt |
| 005 - DATE AND TIME OF LATEST TRANSACTION | |
| control field | 20201128021019.0 |
| 008 - FIXED-LENGTH DATA ELEMENTS--GENERAL INFORMATION | |
| fixed length control field | 120724t2013 xxuadk frbd 001 0 eng d |
| 020 ## - INTERNATIONAL STANDARD BOOK NUMBER | |
| International Standard Book Number | 9780273769163 (pbk.) |
| 020 ## - INTERNATIONAL STANDARD BOOK NUMBER | |
| International Standard Book Number | 0273769162 (pbk.) |
| 040 ## - CATALOGING SOURCE | |
| Original cataloging agency | StDuBDS |
| Language of cataloging | eng |
| Transcribing agency | StDuBDS |
| Modifying agency | Uk |
| Description conventions | rda |
| 082 04 - DEWEY DECIMAL CLASSIFICATION NUMBER | |
| Classification number | 005.369 |
| Edition number | 22 |
| Item number | STA |
| 100 1# - MAIN ENTRY--PERSONAL NAME | |
| Personal name | Stallings, William |
| 9 (RLIN) | 2633 |
| 245 10 - TITLE STATEMENT | |
| Title | Business data communications : |
| Remainder of title | infastructure, networking and security / |
| Statement of responsibility, etc | William Stallings, Thomas Case. |
| 250 ## - EDITION STATEMENT | |
| Edition statement | 7th ed., |
| Remainder of edition statement | international ed., contributions by Arup Kumar Bhattacharjee, Soumen Mukherjee. |
| 260 ## - PUBLICATION, DISTRIBUTION, ETC. (IMPRINT) | |
| Place of publication, distribution, etc | Boston, United States : |
| Name of publisher, distributor, etc | Pearson Education Limited, |
| Date of publication, distribution, etc | c.2013 |
| Manufacturer | (Courier Westford) |
| 300 ## - PHYSICAL DESCRIPTION | |
| Extent | 619 p. : |
| Other physical details | chart, forms, tables ; |
| Dimensions | 23 cm. |
| 500 ## - GENERAL NOTE | |
| General note | Index : p. 604-619. |
| 500 ## - GENERAL NOTE | |
| General note | Glossary : p. 594-600. |
| 500 ## - GENERAL NOTE | |
| General note | Includes appendix. |
| 504 ## - BIBLIOGRAPHY, ETC. NOTE | |
| Bibliography, etc | Bibliography : p. 601-603. |
| 650 #0 - SUBJECT ADDED ENTRY--TOPICAL TERM | |
| Topical term or geographic name as entry element | Business |
| General subdivision | Data processing |
| 9 (RLIN) | 1676 |
| 650 #0 - SUBJECT ADDED ENTRY--TOPICAL TERM | |
| Topical term or geographic name as entry element | Business |
| General subdivision | Communication systems |
| 9 (RLIN) | 19452 |
| 650 #0 - SUBJECT ADDED ENTRY--TOPICAL TERM | |
| Topical term or geographic name as entry element | Business enterprises |
| General subdivision | Computer networks |
| 9 (RLIN) | 27486 |
| 650 #0 - SUBJECT ADDED ENTRY--TOPICAL TERM | |
| Topical term or geographic name as entry element | Electronic commerce |
| 9 (RLIN) | 1169 |
| 653 ## - INDEX TERM--UNCONTROLLED | |
| Resource For college | |
| Arrived date list | January2014 |
| 655 ## - INDEX TERM--GENRE/FORM | |
| Form subdivision | |
| -- | 33728 |
| 700 1# - ADDED ENTRY--PERSONAL NAME | |
| Personal name | Case, Thomas |
| 9 (RLIN) | 34923 |
| 700 1# - ADDED ENTRY--PERSONAL NAME | |
| Personal name | Bhattacharjee, Arup Kumar |
| Relator term | editor series. |
| 9 (RLIN) | 32793 |
| 700 1# - ADDED ENTRY--PERSONAL NAME | |
| Personal name | Mukherjee, Soumen |
| Relator term | editor series. |
| 9 (RLIN) | 32792 |
| 942 ## - ADDED ENTRY ELEMENTS (KOHA) | |
| Source of classification or shelving scheme | Dewey Decimal Classification |
| Call number prefix | 005.369 STA |
| Withdrawn status | Item status | Source of classification or shelving scheme | Damaged status | Not for loan | Vendor | Home library | Current library | Shelving location | Date acquired | Source of acquisition | Total Checkouts | Full call number | Barcode | Date last seen | Koha item type | Total Renewals | Date last borrowed |
|---|---|---|---|---|---|---|---|---|---|---|---|---|---|---|---|---|---|
| Dewey Decimal Classification | Baccah | Central Library | Central Library | Lower Floor | 26/01/2014 | 005.369 STA | 000035466 | 15/07/2025 | NB - Book (Non borrowing) | ||||||||
| Dewey Decimal Classification | Baccah | Central Library | Central Library | Lower Floor | 26/01/2014 | 005.369 STA | 000035467 | 15/07/2025 | Book - Borrowing | ||||||||
| Dewey Decimal Classification | Baccah | Central Library | Central Library | Lower Floor | 26/01/2014 | 1 | 005.369 STA | 000035468 | 15/07/2025 | Book - Borrowing | 8 | 14/02/2019 |